| 000 | 01051cam a2200265 a 4500 | ||
|---|---|---|---|
| 999 |
_c1357 _d1357 |
||
| 001 | 14144393 | ||
| 003 | CoMeUDC | ||
| 005 | 20210611105516.0 | ||
| 008 | 051017s1998 sp 000 0 spa | ||
| 020 | _a970220058X | ||
| 040 | _cCO-UdeCO | ||
| 082 | 0 | 0 |
_a463 _bL 332 |
| 245 | 0 | 0 |
_aLarousse gramática : _blengua española / _cLarousse, Irma Munguía Zatarain, Martha Elena Munguía Zatarain, Gilda Rocha Romero. |
| 260 |
_aQuerétano : _bEdiciones larousse, _c2019. |
||
| 300 |
_a284 p. ; _c23 cm. |
||
| 500 | _aReglas y ejercicios. Para todo público: estudiantes, maestros, ejecutivos, interesados en recordar o conocer las reglas de la ortografía del español. Ejercicios y respuestas que le permitirán practicar y reafirmar sus conocimientos. | ||
| 650 | 0 |
_aGramática _91663 |
|
| 650 | 0 |
_aEspañol _91280 |
|
| 650 | 0 |
_aLengua española. _91278 |
|
| 700 |
_aMunguía Zatarain, Irma _91664 |
||
| 700 |
_aMunguía Zatarain, Martha Elena _91665 |
||
| 700 |
_aRocha Romero, Gilda _91666 |
||
| 710 | 2 | _aLarousse (Firm) | |
| 942 |
_2ddc _cBK |
||